Dĩ An xưa và nay
Đầu trang tên sách ghi: Ủy ban Nhân dân Thị xã Dĩ An - Tỉnh Bình Dương; Cung cấp cho người đọc cái nhìn tổng quan về mảnh đất, con người, truyền thống giữ nước, văn hóa, xã hội và kinh tế của vùng đất Dĩ An - Bình Dương...
Gespeichert in:
| Format: | Buch |
|---|---|
| Sprache: | Undetermined |
| Veröffentlicht: |
NXB Chính trị Quốc gia
2014
|
| Schlagworte: | |
| Online Zugang: | http://lrc.tdmu.edu.vn/opac/search/detail.asp?aID=2&ID=30331 |
| Tags: |
Tag hinzufügen
Keine Tags, Fügen Sie den ersten Tag hinzu!
|
| Thư viện lưu trữ: | Trung tâm Học liệu Trường Đại học Thủ Dầu Một |
|---|
| LEADER | 00836nam a2200157Ia 4500 | ||
|---|---|---|---|
| 001 | TDMU_30331 | ||
| 008 | 210410s9999 xx 000 0 und d | ||
| 082 | |a 915.9791 | ||
| 245 | 0 | |a Dĩ An xưa và nay | |
| 260 | |b NXB Chính trị Quốc gia | ||
| 260 | |c 2014 | ||
| 300 | |a 596tr | ||
| 520 | |a Đầu trang tên sách ghi: Ủy ban Nhân dân Thị xã Dĩ An - Tỉnh Bình Dương; Cung cấp cho người đọc cái nhìn tổng quan về mảnh đất, con người, truyền thống giữ nước, văn hóa, xã hội và kinh tế của vùng đất Dĩ An - Bình Dương | ||
| 650 | |a Lịch sử |z Dĩ An (Bình Dương) | ||
| 856 | |u http://lrc.tdmu.edu.vn/opac/search/detail.asp?aID=2&ID=30331 | ||
| 980 | |a Trung tâm Học liệu Trường Đại học Thủ Dầu Một | ||